Modernitzar l'escola / (Record no. 175821)

MARC details
000 -LEADER
campo de control de longitud fija 00873nam a22002655i 4500
001 - NÚMERO DE CONTROL
campo de control 175821
003 - IDENTIFICADOR DE NÚMERO DE CONTROL
campo de control ES-MaACL
005 - FECHA Y HORA DE LA ÚLTIMA TRANSACCIÓN
campo de control 20230906215926.0
008 - DATOS DE LONGITUD FIJA--INFORMACIÓN GENERAL
campo de control de longitud fija 101123s1971 sp |||| | cat d
080 ## - NÚMERO DE LA CLASIFICACIÓN DECIMAL UNIVERSAL
Número de la Clasificación Decimal Universal 373.3
100 0# - ENTRADA PRINCIPAL--NOMBRE DE PERSONA
Nombre de persona Freinet, Célestin.
9 (RLIN) 52452
245 10 - MENCIÓN DEL TÍTULO
Título Modernitzar l'escola /
Mención de responsabilidad, etc. C. Freinet, R. Salengros ; [traducció de Miquel Adrover].
250 ## - MENCION DE EDICION
Mención de edición 1ª ed.
260 ## - PUBLICACIÓN, DISTRIBUCIÓN, ETC.
Lugar de publicación, distribución, etc. Barcelona :
Nombre del editor, distribuidor, etc. Estela,
Fecha de publicación, distribución, etc. 1971.
300 ## - DESCRIPCIÓN FÍSICA
Extensión 76 p. , [1] h. ;
Dimensiones 17 cm.
490 1# - MENCIÓN DE SERIE
Mención de serie Biblioteca de l'escola moderna ;
Designación de volumen o secuencia 1
546 ## - NOTA DE IDIOMA
Nota de lengua/lenguaje Texto en catalán.
594 ## - Nota al título y mención de responsabilidad
Nota al título y mención de responsabilidad Tít. original: Moderniser l'école.
650 04 - PUNTO DE ACCESO ADICIONAL DE MATERIA--TÉRMINO DE MATERIA
Término de materia o nombre geográfico como elemento de entrada Enseñanza primaria-
Subdivisión general Didáctica.
9 (RLIN) 12304
700 0# - ENTRADA AGREGADA--NOMBRE PERSONAL
Nombre de persona Salengros, R.
9 (RLIN) 101870
700 0# - ENTRADA AGREGADA--NOMBRE PERSONAL
Nombre de persona Adrover, Miquel.
9 (RLIN) 18486
830 0# - PUNTO DE ACCESO ADICIONAL DE SERIE-TÍTULO UNIFORME
Título uniforme Biblioteca de l'escola moderna ;
Designación de volumen o secuencia 1
9 (RLIN) 182959
852 ## - LOCALIZACIÓN
Ubicación ES-MaACL
Número de control de estantería 2271-F-1
Encuadernación Olim P-1924
Holdings
Estatus retirado Estado de pérdida Estado de daño No para préstamo Colección Biblioteca de origen Biblioteca actual Ubicación en estantería Fecha de adquisición Fuente de adquisición Total de préstamos Signatura topográfica completa Código de barras Visto por última vez Precio de reemplazo Tipo de ítem Koha
        Colección de folletos Biblioteca del Ateneo de Madrid Biblioteca del Ateneo de Madrid Depósito folletos 23/11/2010     2271-F-1 1184629 23/02/2023 23/02/2023 Folleto